სამედიცინო სამართალი = Medical law : (ბიბ.ჩანაწერი № 62757)
[ მარტივი ფორმატი ]
| 000 -ლიდერი | |
|---|---|
| ფიქსირებული სიგრძის საკონტროლო ველი | 01055nam a22001937a 4500 |
| 003 - საკონტროლო ნომრის იდენტიფიკატორი | |
| საკონტროლო ველი | Ge_BSU |
| 005 - ბოლო ოპერაციის თარიღი და დრო | |
| საკონტროლო ველი | 20250207172757.0 |
| 008 - ფიქსირებული სიგრძის მონაცემთა ელემენტები - ზოგადი ინფორმაცია | |
| ფიქსირებული სიგრძის საკონტროლო ველი | 250207s2011 ge ||||| |||| 00| 0 geo d |
| 020 ## - წიგნის საერთაშორისო სტანდარტული ნომერი | |
| International Standard Book Number | 9789941917448 |
| 041 ## - ენის კოდი | |
| Language code of text/sound track or separate title | geo |
| 080 ## - უნივერსალური ათობითი კლასიფიკაციის ინდექსი | |
| Universal Decimal Classification number | 349.3:61 M-46 |
| 245 ## - ცნობა სათაურის შესახებ | |
| Title | სამედიცინო სამართალი = Medical law : |
| Remainder of title | შავი ზღვის ქვეყნების სამეცნ. სიმპოზიუმი, 21 სექტემბერი 2011 / |
| Statement of responsibility, etc | რედ. ლაშა-გიორგი კუტალია. |
| 264 ## - წარმოების, გამოცემის, დისტრიბუციის და სხვა ცნობები | |
| გამოცემის, წარმოების, დისტრიბუციის... ადგილი | თბილისი : |
| გამოცემის, წარმოების, დისტრიბუციის... სახელწოდება | გრ. რობაქიძის სახ. უნ-ტის გამ-ბა, |
| გამოცემის, წარმოების, დისტრიბუციის... თარიღი | 2011. |
| 300 ## - ფიზიკური აღწერა | |
| Extent | 188 გვ. ; |
| Other physical details | 24 სმ. |
| 500 ## - ზოგადი შენიშვნა | |
| General note | ყდა ინგლ. მასალები ქართ., გერმ. და ინგლ. |
| 653 ## - INDEX TERM--UNCONTROLLED | |
| Uncontrolled term | სამედიცინო სამართალი |
| 700 ## - ADDED ENTRY--PERSONAL NAME | |
| Personal name | კუტალია, ლაშა-გიორგი |
| Relator term | რედაქტორი |
| 9 (RLIN) | 24278 |
| 942 ## - ADDED ENTRY ELEMENTS (KOHA) | |
| Source of classification or shelving scheme | |
| Koha item type | წიგნი |
| ჩამოწერის სტატუსი | დაკარგული ეგზემპლარის სტატუსი | კლასიფიკაციის წყარო ან თაროზე გაწყობის სქემა | დაზიანების სტატუსი | არ გაიცემა | მუდმივი მდებარეობა (დაცვის ადგილი) | ამჟამინდელი ადგილსამყოფელი | თაროზე განთავსების ადგილი | შეძენის თარიღი | ღირებულება, შესყიდვის ნორმალური ფასი | სრული შენახვის შიფრი | შტრიხკოდი | ბოლო ოპერაციის თარიღი | ეგზემპლარის მიმდევრობითი ნომერი (კეტერი?) | ფასის ძალაში შესვლის თარიღი | ეგზემპლარის სახეობა | საჯარო შენიშვნა |
|---|---|---|---|---|---|---|---|---|---|---|---|---|---|---|---|---|
| ბათუმის შოთა რუსთაველის სახელმწიფო უნივერსიტეტის მთავარი ბიბლიოთეკა | ბათუმის შოთა რუსთაველის სახელმწიფო უნივერსიტეტის მთავარი ბიბლიოთეკა | წიგნსაცავი | 2025-02-07 | 7.00 | 349.3:61 M-46 | 70594 | 2025-02-07 | 70594 | 2025-02-07 | წიგნი | 7 ლ. |
